Behind the scene (Record no. 552185)
[ view plain ]
| 000 -LEADER | |
|---|---|
| fixed length control field | 00499nam a2200145Ia 4500 |
| 020 ## - INTERNATIONAL STANDARD BOOK NUMBER | |
| International Standard Book Number | 1897829205(hb) |
| 100 ## - MAIN ENTRY--PERSONAL NAME | |
| Personal name | Jogindar Singh |
| 9 (RLIN) | 49396 |
| 245 ## - TITLE STATEMENT | |
| Title | Behind the scene |
| Remainder of title | an analysis of India's military operations 1947-1971 |
| 260 ## - PUBLICATION, DISTRIBUTION, ETC. | |
| Place of publication, distribution, etc. | New Delhi: |
| Name of publisher, distributor, etc. | Lancer International Spantech |
| Date of publication, distribution, etc. | 1993 |
| 300 ## - PHYSICAL DESCRIPTION | |
| Extent | 273p: ill. |
| 526 ## - STUDY PROGRAM INFORMATION NOTE | |
| Program name | 0 |
| Interest level | 0 |
| Reading level | 0 |
| Title point value | 940_000000000000000_4002230FF |
| 650 ## - SUBJECT ADDED ENTRY--TOPICAL TERM | |
| Topical term or geographic name entry element | India. Armed Forces |
| 9 (RLIN) | 49397 |
| 650 ## - SUBJECT ADDED ENTRY--TOPICAL TERM | |
| Topical term or geographic name entry element | Operational Readiness (Military Science) -- India |
| 9 (RLIN) | 49398 |
| 942 ## - ADDED ENTRY ELEMENTS (KOHA) | |
| Source of classification or shelving scheme | |
| Koha item type | Book |
| Withdrawn status | Lost status | Source of classification or shelving scheme | Damaged status | Not for loan | Permanent Location | Current Location | Shelving location | Date acquired | Total Checkouts | Full call number | Barcode | Date last seen | Price effective from | Koha item type |
|---|---|---|---|---|---|---|---|---|---|---|---|---|---|---|
| Military College of Engineering (MCE) | Military College of Engineering (MCE) | 01/09/2015 | 940.4002230FF | MCE-ECM/29 | 01/09/2015 | 01/09/2015 | Book |
